[Event "COL-ch visually impaired (Women) 2nd"]
[Site "Cali"]
[Date "2008.10.28"]
[Round "7.2"]
[White "Ortiz, Martha Cecilia"]
[Black "Franco, Yolima"]
[Result "0-1"]
[WhiteElo "1600"]
[BlackElo "1600"]
[PlyCount "42"]
[EventDate "2008.10.25"]
[EventType "swiss"]
[EventRounds "7"]
[EventCountry "COL"]
[SourceTitle "EXT 2024"]
[Source "ChessBase"]
[SourceDate "2023.10.10"]
[SourceVersion "1"]
[SourceVersionDate "2023.10.10"]
[SourceQuality "1"]

1. a4 d5 2. b4 e5 3. d4 e4 4. c4 Bxb4+ 5. Qd2 Bxd2+ 6. Kd1 Bxc1 7. h4 Bb2 8. Ra2 Qf6 9. Rxb2 Qxd4+ 10. Kc1 Qxc4+ 11. Kd1 Qd4+ 12. Kc1 Qxf2 13. e3 Qxf1+ 14. Kc2 Qxg2+ 15. Kc3 Qxh1 16. h5 Qxg1 17. a5 Qxe3+ 18. Kc2 d4 19. a6 d3+ 20. Kc3 d2+ 21. Kc4 d1Q 0-1

[Event "COL-ch visually impaired (Women) 2nd"]
[Site "Cali"]
[Date "2008.10.26"]
[Round "3.5"]
[White "Ortiz, Martha Cecilia"]
[Black "Yepes Bermudez, Maribel"]
[Result "0-1"]
[WhiteElo "1600"]
[BlackElo "1600"]
[PlyCount "23"]
[EventDate "2008.10.25"]
[EventType "swiss"]
[EventRounds "7"]
[EventCountry "COL"]
[SourceTitle "EXT 2024"]
[Source "ChessBase"]
[SourceDate "2023.10.10"]
[SourceVersion "1"]
[SourceVersionDate "2023.10.10"]
[SourceQuality "1"]

1. a4 c5 2. b4 d6 3. h4 Nf6 4. g4 Bxg4 5. a5 Nc6 6. c4 Nxb4 7. e4 Bxd1 8. f4 Bc2 9. h5 Bxe4 10. d4 Bxh1 11. f5 Qd7 12. Na3 0-1